000 00380cam a22001217a 4500
008 180718b1990 xxu||||| |||| 00| 0 eng d
082 _aB3 M47
100 _aMeehan, Eugene J.
245 _aEthics for policy making: a methodological analysis
_cby Eugene J. Meehan
260 _aNew York
_bGreenwood
_c1990
300 _a231p.
650 _aPolicy sciences --Moral and ethical aspects.
999 _c350441
_d350441